[Event "IRI-ch U18 Girls"]
[Site "Chess.com INT"]
[Date "2021.01.16"]
[Round "7"]
[White "Karimi, Yalda"]
[Black "Moazedi, Keyana"]
[Result "0-1"]
[WhiteElo "1043"]
[BlackElo "1732"]
[PlyCount "76"]
[EventDate "2021.01.16"]
[EventType "swiss"]
[EventRounds "9"]
[EventCountry "IRI"]
[SourceTitle "CBM 200 Extra"]
[Source "ChessBase"]
[SourceDate "2021.03.31"]
[SourceVersion "1"]
[SourceVersionDate "2021.03.31"]
[SourceQuality "1"]

1. e4 e5 2. Nf3 Nc6 3. Bc4 Nf6 4. Nc3 Nxe4 5. Nxe4 d5 6. Bxd5 Qxd5 7. Nc3 Qd8 8. d3 Bg4 9. h3 Bh5 10. Be3 Bd6 11. g4 Bg6 12. h4 h5 13. g5 Bb4 14. Bd2 Qd7 15. Qe2 0-0-0 16. 0-0-0 Rhe8 17. a3 Nd4 18. Qe3 Bc5 19. Kb1 Bb6 20. Ne4 Nxc2 21. Qe2 Nd4 22. Nxd4 exd4 23. Qf3 Qc6 24. Qh3+ Kb8 25. Rc1 Qd5 26. f3 Qb3 27. Qf1 Rd5 28. Rc4 Rb5 29. Rb4 Rxb4 30. Bxb4 a5 31. Bd2 Bxe4 32. fxe4 Bc5 33. Ka1 Bxa3 34. bxa3 Qxa3+ 35. Kb1 Re6 36. Kc2 Qa4+ 37. Kc1 Rc6+ 38. Kb2 Rc2+ 0-1

[Event "IRI-ch U18 Girls"]
[Site "Chess.com INT"]
[Date "2021.01.16"]
[Round "1"]
[White "Shayestegan, Mohila"]
[Black "Moazedi, Keyana"]
[Result "0-1"]
[WhiteElo "1095"]
[BlackElo "1732"]
[PlyCount "74"]
[EventDate "2021.01.16"]
[EventType "swiss"]
[EventRounds "9"]
[EventCountry "IRI"]
[SourceTitle "CBM 200 Extra"]
[Source "ChessBase"]
[SourceDate "2021.03.31"]
[SourceVersion "1"]
[SourceVersionDate "2021.03.31"]
[SourceQuality "1"]

1. e4 e5 2. d4 exd4 3. Qxd4 Nc6 4. Qe3 d6 5. Nc3 Nf6 6. Bd2 Be7 7. Bd3 Ng4 8. Qf3 Nce5 9. Qe2 0-0 10. h3 Nxd3+ 11. Qxd3 Ne5 12. Qe2 f5 13. 0-0-0 a5 14. Nf3 Nc6 15. Kb1 a4 16. Qc4+ Kh8 17. Nxa4 fxe4 18. Nd4 Ne5 19. Qb3 c5 20. Nb6 Ra6 21. Nxc8 Qxc8 22. Ne2 Rxf2 23. Nc3 c4 24. Qb5 Qa8 25. a3 Rxg2 26. Nxe4 b6 27. Nc3 Rxd2 28. Rxd2 Qxh1+ 29. Rd1 Qa8 30. Ne4 h6 31. Nxd6 Bxd6 32. Rxd6 Nf3 33. Rxb6 Rxb6 34. Qxb6 Nd2+ 35. Kc1 c3 36. bxc3 Nc4 37. Qb3 Qh1# 0-1

[Event "Asian-ch Amateur (Women)"]
[Site "Isfahan"]
[Date "2016.11.15"]
[Round "5.5"]
[White "Moazedi, Keyana"]
[Black "Sandhya, Goli"]
[Result "0-1"]
[WhiteElo "1439"]
[BlackElo "1738"]
[PlyCount "62"]
[EventDate "2016.11.12"]
[EventType "swiss"]
[EventRounds "9"]
[EventCountry "IRI"]
[SourceTitle "EXT 2024"]
[Source "ChessBase"]
[SourceDate "2023.10.10"]
[SourceVersion "1"]
[SourceVersionDate "2023.10.10"]
[SourceQuality "1"]

1. e4 c5 2. Nf3 d6 3. d4 cxd4 4. Nxd4 Nf6 5. Nc3 a6 6. Bc4 e6 7. Bb3 Nc6 8. Be3 Be7 9. Qd2 Ng4 10. Nxc6 bxc6 11. Bf4 e5 12. Bg3 0-0 13. f3 Nf6 14. Qe2 Be6 15. Ba4 Qb6 16. 0-0-0 Rab8 17. Bb3 c5 18. Na4 Qc6 19. Bf2 c4 20. Kb1 cxb3 21. cxb3 Nd7 22. h4 f5 23. h5 fxe4 24. fxe4 Nf6 25. Rde1 Nxe4 26. Bh4 Bxh4 27. Rxh4 Rf2 28. Qe3 Qc2+ 29. Ka1 Nd2 30. Qa7 Nxb3+ 31. axb3 Qxb3 0-1

[Event "Asian-ch Amateur (Women)"]
[Site "Isfahan"]
[Date "2016.11.13"]
[Round "2.4"]
[White "Moazedi, Keyana"]
[Black "Afshar, Niusha"]
[Result "0-1"]
[WhiteElo "1439"]
[BlackElo "1962"]
[PlyCount "60"]
[EventDate "2016.11.12"]
[EventType "swiss"]
[EventRounds "9"]
[EventCountry "IRI"]
[SourceTitle "EXT 2024"]
[Source "ChessBase"]
[SourceDate "2023.10.10"]
[SourceVersion "1"]
[SourceVersionDate "2023.10.10"]
[SourceQuality "1"]

1. e4 c5 2. Nf3 Nc6 3. d4 cxd4 4. Nxd4 Nf6 5. Nc3 e6 6. Ndb5 Bb4 7. a3 Bxc3+ 8. Nxc3 d5 9. exd5 exd5 10. Bg5 d4 11. Qe2+ Be6 12. Ne4 Qa5+ 13. Bd2 Qe5 14. Nxf6+ Qxf6 15. 0-0-0 0-0 16. h4 Rac8 17. Bg5 Qf5 18. Rg1 Na5 19. Kb1 Qd5 20. b3 Nxb3 21. Qb5 Nc5 22. c4 Qe4+ 23. Ka1 Qc2 24. Rb1 f6 25. Rb2 Qc3 26. Bf4 Rc6 27. Qb4 Re8 28. Bd2 Qxb4 29. axb4 Ra6+ 30. Ra2 Nb3+ 0-1